000
00285nam a2200097Ia 4500
005
20251222114347.0
008
251222s1900||||xx |||||||||||||| ||spa||
082
_a
DVD0093/S42/2006
245
0
_a
Dónde está el amigo que siempre busco?: la experiencia educativa en el cine :
942
_c
DVD
999
_c
1077
_d
1077